| 000 | 00784nam a22002535i 4500 | ||
|---|---|---|---|
| 999 |
_c28957 _d28928 |
||
| 003 | EG-ScBUE | ||
| 005 | 20201019144751.0 | ||
| 008 | 200219s2013 ii f 001 0 eng d | ||
| 020 | _a9781118546789 | ||
| 040 |
_aEG-ScBUE _beng _erda _cEG-ScBUE _dEG-ScBUE |
||
| 082 | 0 | 4 |
_a621.3813 _bMAT _222 |
| 100 | 1 |
_aMathew, K. T., _eauthor. |
|
| 245 | 1 | 0 |
_aMicrowave engineering / _cDR. K. T. Mathew. |
| 264 | 1 |
_aDaryaganj, New Delhi : _bWiley India, _c2013. |
|
| 300 |
_axv, 412 pages : _billustrations ; _c24 cm |
||
| 336 |
_atext _btxt _2rdacontent |
||
| 337 |
_aunmediated _bn _2rdamedia |
||
| 338 |
_avolume _bnc _2rdacarrier |
||
| 500 | _aIncludes index. | ||
| 650 | 7 |
_aMicrowaves. _2BUEsh _99220 |
|
| 650 | 7 |
_aMicrowave devices. _2BUEsh |
|
| 653 |
_bENGGEN _cOctober2020 |
||
| 942 |
_2ddc _cBB |
||